000 01840nam a22003374i 4500
001 991061736892506706
003 ES-BaIT
005 20260323122901.0
008 260323e202211 sp 000 d spa c
017 _aBA 597-2022
_bOficina DL Badajoz
020 _a9788412585421
020 _a8412585429
040 _aES-BaIT
_bcat
_erda
_cES-BaIT
080 _a860-2"19"
100 1 _aMartín, Claudio
_eautor
_9169103
245 1 0 _aSertorio /
_cClaudio Martín
250 _aPrimera edición
264 1 _a[Badajoz]
_bStela Literaria A.C.,
_cnoviembre, 2022
300 _a71 pàgines
_c21 cm
336 _atext
_btxt
_2rdacontent
337 _asense mediació
_bn
_2rdamedia
338 _avolum
_bnc
_2rdacarrier
500 _aReimpressions: 2024
500 _aP8: H8 i altres
504 _aBibliografia: pàgina 71
520 _aEl siglo I a.C. fue, sin duda, una de las centurias más apasionante y convulsas de la historia. Una serie de personajes y hechos imprescindibles surgen para modelar la nueva Roma, que abandona definitivamente las formas republicanas para asumir su carácter imperial. En este contexto aparece Quinto Sertorio, el incómodo general sabino. Exiliado en Hispania, aliado con los nativos, pone a prueba, durante ocho años, a todo el enorme potencial bélico de las legiones romanas. Sólo la traición, al igual que con Viriato, acabó con su vida.Sertorio hizo renacer el sentimiento nacionalista que el héroe lusitano apagó con su muerte. Hispania quiso ver en éste general rebelde, odiado por Sila y perseguido por Roma, a su liberador, al personaje indispensable que, de alguna manera, había conseguido unirlos, y que poseía fundamentos para desatarlos del yugo imperialista.
600 1 0 _aSertorio
_vTextos dramàtics
_9169104
908 _aCDMAE
940 _aCDMAE
942 _2udc
_c1
999 _c137304
_d137304